| 000 | 00512nam a2200181Ia 4500 | ||
|---|---|---|---|
| 005 | 20250326141740.0 | ||
| 008 | 250326s9999 xx 000 0 und d | ||
| 037 | _aTextbook | ||
| 040 |
_aFMSL _beng _cFMSL |
||
| 041 |
_aeng _2eng |
||
| 084 |
_aF55.44 M8 _qFMSL |
||
| 100 | _aIndia Govt. Of...... | ||
| 245 | 0 |
_aTowards a new Energy policy _cIndia Govt. Of...... |
|
| 260 |
_aNew Delhi _bNew Delhi, Govt of India _c1988 |
||
| 300 | _a75p | ||
| 942 |
_cTB _hF55.44 M8 |
||
| 999 |
_c1291789 _d1291789 |
||